| 000 | 00631nam a2200217Ia 4500 | ||
|---|---|---|---|
| 005 | 20250326144454.0 | ||
| 008 | 250326s9999 xx 000 0 und d | ||
| 020 | _a978-81-7708-170-1 | ||
| 037 | _aTextbook | ||
| 040 |
_aFMSL _beng _cFMSL |
||
| 041 |
_aeng _2eng |
||
| 084 |
_aX.2'N47-P09t4 P8 _qFMSL |
||
| 100 |
_aPrasad C S _9491921 |
||
| 245 | 0 |
_aEconomic survey of India 1947-48 to 2008-09 _cPrasad C S |
|
| 260 |
_aNew Delhi _bNew Delhi, New Century 2008 _c2008 |
||
| 300 | _axxxii,727 | ||
| 365 | _b2270 | ||
| 650 |
_aEconomy _9662352 |
||
| 942 |
_cTB _hX.2'N47-P09t4 P8 |
||
| 999 |
_c1303827 _d1303827 |
||